Leyes y dcretos sobre el control de alquiler y desahucios en la República Dominicana / Dirigida por Raymundo Amaro Guzmán (Registro nro. 5806)

Detalles MARC
000 -LEADER
fixed length control field 00587nam a22001931a 4500
001 - CONTROL NUMBER
control field 5806
003 - CONTROL NUMBER IDENTIFIER
control field OSt
005 - DATE AND TIME OF LATEST TRANSACTION
control field 20260204212029.0
008 - FIXED-LENGTH DATA ELEMENTS--GENERAL INFORMATION
fixed length control field 060211s1983||||DR ||||||b||||||||||spa||
050 ## - LIBRARY OF CONGRESS CALL NUMBER
Classification number RD 346.047 R299l
110 ## - ASIENTO PRINCIPAL -- NOMBRE CORPORATIVO
Corporate name or jurisdiction name as entry element República Dominicana
245 ## - TÍTULO PROPIAMENTE DICHO: SUBTÍTULO
Title Leyes y dcretos sobre el control de alquiler y desahucios en la República Dominicana / Dirigida por Raymundo Amaro Guzmán
264 ## - PRODUCTION, PUBLICATION, DISTRIBUTION, MANUFACTURE, AND COPYRIGHT NOTICE
Place of production, publication, distribution, manufacture Santo Domingo: (S.N)
300 ## - PHYSICAL DESCRIPTION
Extensión 19 p
500 ## - GENERAL NOTE
General note Donado
650 ## - ASIENTO SECUNDARIO DE MATERIA -- TERMINO TEMÁTICO
Termino Temático Como Elemento de Entrada 1.Alquiler - Derecho - República Dominicana
700 ## - ASIENTO SECUNDARIO -- NOMBRE PERSONAL
Personal name Amaro Guzmán, RaymundoÌ
942 ## - ADDED ENTRY ELEMENTS (KOHA)
Source of classification or shelving scheme Dewey Decimal Classification
Koha item type Libros
Existencias
Withdrawn status Lost status Source of classification or shelving scheme Damaged status Not for loan Current library Date acquired Total Checkouts Full call number Barcode Date last seen Price effective from Koha item type
    Dewey Decimal Classification     Biblioteca UTECO 09/09/2019   RD 346.047 R299L 010163 09/09/2019 09/09/2019 Libros
© 2021 Derechos Reservados UTECO - Teléfono: +1 809-585-2291 - Correo electrónico: biblioteca@uteco.edu.do​  
Código postal 43000 ​​
Dirección: Avenida Universitaria No. 100, 
Cotuí, Provincia Sánchez Ramírez, República Dominicana - RNC: 404-00059-6